000 00416nam a2200181Ia 4500
001 14349
005 20260306164907.0
008 260306t2006||||xx |||||||||||||| ||spa||
041 _aESP
082 _a512.5
_bB94 2006
100 _aDe Burgos Román, Juan
_eAUT
245 0 _aAlgebra lineal
260 _c2006
300 _a651 páginas :
_ccm.
650 _aGEN
654 _aCMA
942 _cLIB
_dJUS
_fJUS
_2ddc
_n
999 _c14349
_d14349